استخدام القوة المسلحة في القانون الدولي العام في زمن السلم : (Record no. 69468)
[ view plain ]
| 000 -LEADER | |
|---|---|
| fixed length control field | 01698nam a2200337 i 4500 |
| 003 - CONTROL NUMBER IDENTIFIER | |
| control field | EG-GICUC |
| 005 - DATE AND TIME OF LATEST TRANSACTION | |
| control field | 20260407164228.0 |
| 008 - FIXED-LENGTH DATA ELEMENTS--GENERAL INFORMATION | |
| fixed length control field | 260407s1992 ua |fr|||| 00| 0 ara d |
| 040 ## - CATALOGING SOURCE | |
| Original cataloging agency | EG-GICUC |
| Language of cataloging | ara |
| Transcribing agency | EG-GICUC |
| Modifying agency | EG-GICUC |
| Description conventions | rda |
| 041 #1 - LANGUAGE CODE | |
| Language code of text/sound track or separate title | ara |
| 082 04 - DEWEY DECIMAL CLASSIFICATION NUMBER | |
| Edition number | 21 |
| Classification number | 341.63 |
| Item number | س ع . ج |
| 092 04 - LOCALLY ASSIGNED DEWEY CALL NUMBER (OCLC) | |
| Edition number | 21 |
| 099 ## - LOCAL FREE-TEXT CALL NUMBER (OCLC) | |
| Classification number | Law1 11 341.63 س ع . ج 1992 |
| 100 0# - MAIN ENTRY--PERSONAL NAME | |
| Personal name | سعيد سالم جويلي |
| Relator term | مؤلف. |
| 245 10 - TITLE STATEMENT | |
| Title | استخدام القوة المسلحة في القانون الدولي العام في زمن السلم : |
| Remainder of title | دراسة تحليلية مع الإشارة إلى أهم التطبيقات في القانون الدولي للبحار في زمن السلم / |
| Statement of responsibility, etc. | دكتور سعيد سالم جويلي. |
| 264 #1 - PRODUCTION, PUBLICATION, DISTRIBUTION, MANUFACTURE, AND COPYRIGHT NOTICE | |
| Place of production, publication, distribution, manufacture | الزقازيق: |
| Name of producer, publisher, distributor, manufacturer | المجلة القانونية الاقتصادية، |
| Date of production, publication, distribution, manufacture, or copyright notice | 1992. |
| 300 ## - PHYSICAL DESCRIPTION | |
| Extent | 186 صفحة، |
| Dimensions | 24 سم. |
| Other physical details | إيضاحيات، صور، مثيليات ؛ |
| 336 ## - CONTENT TYPE | |
| Source | rda content |
| Content type term | text |
| 337 ## - MEDIA TYPE | |
| Source | rda media |
| Media type term | Computer |
| 338 ## - CARRIER TYPE | |
| Source | rda carrier |
| Carrier type term | Online Resource |
| 500 ## - GENERAL NOTE | |
| General note | مستخرجات الععد الثالث من المجلة القانونية الاقتصادية <br/>مجلة سنوية تصدرها كلية حقوق - جامعة الزقازيق |
| 504 ## - BIBLIOGRAPHY, ETC. NOTE | |
| Bibliography, etc. note | ببليوجرافيا: صفحات 177-186. |
| 504 ## - BIBLIOGRAPHY, ETC. NOTE | |
| Bibliography, etc. note | يشتمل على إرجاعات ببليوجرافية.<br/><br/> |
| 546 ## - LANGUAGE NOTE | |
| Language note | النص باللغة العربية |
| 590 ## - LOCAL NOTE (RLIN) | |
| Local note | إهداء مكتبة الأستاذ الدكتور صلاح عامر |
| 650 14 - SUBJECT ADDED ENTRY--TOPICAL TERM | |
| Topical term or geographic name entry element | القانون الدولي العام |
| Source of heading or term | qrmak |
| 651 1# - SUBJECT ADDED ENTRY--GEOGRAPHIC NAME | |
| Source of heading or term | qrmak |
| 856 40 - ELECTRONIC LOCATION AND ACCESS | |
| Uniform Resource Identifier | <a href="https://fll.law.cu.edu.eg/fulltext/bks/B11-09909.pdf">https://fll.law.cu.edu.eg/fulltext/bks/B11-09909.pdf</a> |
| 905 ## - Cataloger and Reviser Names | |
| Cataloger Name: | Basma Mohamed |
| 942 ## - ADDED ENTRY ELEMENTS (KOHA) | |
| Source of classification or shelving scheme | Dewey Decimal Classification |
| Koha item type | Books |
| Edition | 21 |
| Suppress in OPAC | No |
| Withdrawn status | Lost status | Source of classification or shelving scheme | Damaged status | Not for loan | Collection | Home library | Current library | Date acquired | Source of acquisition | Total checkouts | Full call number | Barcode | Date last seen | Copy number | Price effective from | Koha item type |
|---|---|---|---|---|---|---|---|---|---|---|---|---|---|---|---|---|
| Dewey Decimal Classification | Not for loan | القانون الدولي العام | جــــامعة القــاهرة | مكتبة كلية الحقوق - المبنى الرئيسي | 07.04.2026 | إهداء مكتبة الأستاذ الدكتور صلاح عامر | Law1 11 341.63 س ع . ج 1992 1109909 C1 | B11-09909 | 07.04.2026 | 1 | 07.04.2026 | Books |